000 00308nam a22001457a 4500
008 211011b ||||| |||| 00| 0 eng d
020 _a0534007708
041 _aeng
080 _a530
082 _a530
100 _a43
101 _aFIZ
245 _aThe Physics Around You
_cLong,D.D
942 _2udc
_cBK
999 _c58133
_d58133